The Beatles - le Quiz - Statistiques

Statistiques générales
  • Ce quiz a été pris 2 269 fois
  • Le résultat moyen est 13 sur 20
Statistiques - réponses
Question Réponse % Correct
Les 4 membres du groupe John Lennon
99%
4 membres du groupe Paul McCartney
94%
Ville d'origine des membres du groupe Liverpool
87%
4 membres du groupe Ringo Starr
85%
4 membres du groupe George Harrison
80%
Pays dans lequel les Beatles feront un séjour pour apprendre la méditation transcendantale Inde
76%
Femme souvent accusée d'avoir conduit à la séparation du groupe Yoko Ono
76%
Pochette d'album sur laquelle on peut voir un passage piéton Abbey Road
72%
Nom donné au phénomène d'engouement à l'égard du groupe Beatlemania
65%
Déclaration qui déclencha une intense polémique aux États-Unis «Nous sommes pluspopulaires que {Jésus}.»
61%
Dernier album des Beatles Let It Be
60%
En 1965 à New York, les Beatles devinrent le premier groupe à seproduire dans un... Stade
59%
Ville allemande où le groupe se produisit de très nombreuses fois Hambourg
57%
Surnom donné au groupe en France Quatre garçons {dans} {le} {vent}
57%
Traduction de "beetle", dont dérive le nom du groupe Scarabée
57%
Chanson la plus reprise de tous les temps (Guiness Book) Yesterday
51%
Surnom donné au groupe The {Fab} Four
45%
Chanteur qui eut une grande influence sur la musique du groupe,notamment en leur faisant découvrir la marijuana Bob Dylan
35%
Premier batteur du groupe Pete Best
30%
Producteur de talent, souvent considéré comme le "Cinquième Beatle" George Martin
27%
Aucun quiz correspondant
Distribution des résultats
% des personnes avec chaque résultat
Percentile par nombre de réponses
Votre historique - résultats
Vous n’avez pas pris ce quiz